00903nam a2200277 u 450000100070000000500170000700800410002403500110006504000130007604100080008908200080009710000450010524501070015026000430025765000370030065000220033765000290035965000360038865000480042465000230047265000250049570000440052070000410056450200120060552600080061757920320260506084404.0000204s1999 ||||||m| spa  a579203 ccomduadb aspa 4a65810aOsorio Valencia, Jaime Alberto4auteaut10aDefinicion de un sistema de costos basado en actividades integrado a un sistema de generacion de valor aMedellín :b[sin publicador],c1999. 7aEvaluación de proyectos2embne aControl de costos 7aToma de decisiones2lemb 7aSistemas de información2lemb aMétodo ABC (Costos Basado en Actividades) aSistemas de costos aCompañía Pintuco10aCastro Jaramillo, Marta Lucia4auteaut10aBolivar Orrego, John Jairo4auteaut b189c17 a191